{"text_format":"1","workbook":"xlsx","n_sheets":3,"sheets":["Расчетная","МБМ18%","МБМ"],"not_rendered":{"charts":0,"images":1,"macros":1,"external_links":0,"defined_names":0,"comments":0,"pivot_tables":0},"unopened":[],"bounds":{"document_bytes":16777216,"sheet_cells":100000,"rows_first":2000,"rows_last":500,"rows_between":2000,"halvings":0,"cell_chars":16384,"cell_head_chars":4096},"cells_cut":0,"cells_raw":0,"read":"whole","date_system":"1900"}

{"sheet":"Расчетная","index":0,"n_rows":39,"n_cols":17,"rows_kept":39,"cut":false,"hidden":false,"merged":[]}
[]
[null,"Входящие цены",null,null,null,null,null,null,"Первичные цены",null,null,"Вторичные цены",null,null,"Цифры БЕЗ НДС18%"]
[]
[null,"Наименование","Хар-ки","кол-во","вход без%","вход","сумма",null,"Цена","Стоимость",null,"Цена","Стоимость",null,"Цена БЕЗ","Стоимость БЕЗ","НДС"]
[1,"Огнетушитель порошковый  ОП-2 (з)","АВСЕ",20,230,{"$f":"E5*1.18","v":271.39999999999998},{"$f":"F5*D5","v":5428},null,{"$f":"F5*$F$34+$D$34","v":502.13660633484164},{"$f":"I5*D5","v":10042.732126696832},null,{"$f":"F5*$F$38+$D$38","v":622.67200000000003},{"$f":"L5*D5","v":12453.44},null,{"$f":"I5-(I5/1.18-I5)*(-1)","v":425.53949689393363},{"$f":"O5*D5","v":8510.7899378786733},{"$f":"I5-O5","v":76.597109440908014}]
[2,"Огнетушитель порошковый  ОП-4(З)","ВСЕ",20,360,{"$f":"E6*1.18","v":424.79999999999995},{"$f":"F6*D6","v":8496},null,{"$f":"F6*$F$34+$D$34","v":709.22660633484168},{"$f":"I6*D6","v":14184.532126696833},null,{"$f":"F6*$F$38+$D$38","v":849.70399999999995},{"$f":"L6*D6","v":16994.079999999998},null,{"$f":"I6-(I6/1.18-I6)*(-1)","v":601.03949689393369},{"$f":"O6*D6","v":12020.789937878673},{"$f":"I6-O6","v":108.18710944090799}]
[3,"Огнетушитель порошковый   ОП-5(з)","ВСЕ",55,410,483.79999999999995,{"$f":"F7*D7","v":26608.999999999996},null,788.87660633484165,{"$f":"I7*D7","v":43388.213348416291},null,937.02399999999989,{"$f":"L7*D7","v":51536.319999999992},null,668.53949689393369,{"$f":"O7*D7","v":36769.672329166351},{"$f":"I7-O7","v":120.33710944090797}]
[4,"Огнетушитель порошковый  ОП-35(з)","АВСЕ",21,3030,3575.3999999999996,{"$f":"F8*D8","v":75083.399999999994},null,4962.536606334842,{"$f":"I8*D8","v":104213.26873303168},null,5512.5919999999996,115764.43199999999,null,4205.5394968939345,88316.329434772619,756.99710944090748]
[5," Огнетушитель углекислотный ОУ-2","ВСЕ",10,565,666.69999999999993,{"$f":"F9*D9","v":6666.9999999999991},null,1035.7916063348416,{"$f":"I9*D9","v":10357.916063348417},null,1207.7159999999999,12077.16,null,877.78949689393357,8777.8949689393357,158.00210944090804]
[6,"Огнетушитель углекислотный ОУ-5","ВСЕ",2,1055,1244.8999999999999,{"$f":"F10*D10","v":2489.7999999999997},null,1816.3616063348416,{"$f":"I10*D10","v":3632.7232126696831},null,2063.4519999999998,4126.9039999999995,null,1539.2894968939336,3078.5789937878671,277.07210944090798]
[7,"Огнетушитель углекислотный ОУ-10","АВСЕ",59,2620,3091.6,182404.4,null,4309.4066063348419,254254.98977375566,null,4796.5680000000002,282997.51199999999,null,3652.039496893934,215470.3303167421,657.36710944090783]
[8,"ЩП-В (Стенд пожарный закрытый «КОМ  с бункером для песка 0,1м3 \n (металлический)\n",null,10,4200,4956,49560,null,6826.3466063348424,68263.466063348431,null,7555.88,75558.8,null,5785.0394968939345,57850.394968939348,1041.3071094409079]
[9,"Щит пожарный металлический ЩП-В в комплекте",null,5,6695,7900.0999999999995,39500.5,null,10800.881606334842,{"$f":"I13*D13","v":54004.408031674211},null,11913.147999999999,59565.74,null,9153.2894968939345,45766.447484469674,1647.5921094409077]
[10,"Щит пожарный металлический ЩП-Е в комплекте",null,2,9035,10661.3,21322.6,null,14528.501606334841,{"$f":"I14*D14","v":29057.003212669682},null,15999.723999999998,31999.447999999997,null,12312.289496893934,24624.578993787869,2216.2121094409067]
[11,"Ящик для песка 0,5куб.м",null,10,2350,2773,27730,null,3879.2966063348417,{"$f":"I15*D15","v":38792.966063348416},null,4325.04,43250.400000000001,null,3287.539496893934,32875.394968939341,591.7571094409077]
[12,"Лом пожарный ЛПЛ-Щ",null,5,399,470.82,2354.1,null,771.35360633484174,3856.7680316742089,null,917.81359999999995,4589.0679999999993,null,653.68949689393366,3268.4474844696683,117.66410944090808]
[13,"Ножницы для резки проводов диэлектрические НД-1",null,1,800,944,944,null,1410.1466063348416,{"$f":"I17*D17","v":1410.1466063348416},null,1618.12,1618.12,null,1195.0394968939336,1195.0394968939336,215.10710944090806]
[14,"Коврик диэлектрический 1000х1000 мм ГОСТ 4997-75",null,1,850,1003,1003,null,1489.7966063348417,{"$f":"I18*D18","v":1489.7966063348417},null,1705.44,1705.44,null,1262.5394968939338,1262.5394968939338,227.25710944090793]
[15,null,null,null,null,0,{"$f":"F19*D19","v":0},null,135.74660633484163,0,null,221,0,null,115.03949689393359,0,20.707109440908042]
[16,null,null,null,null,0,{"$f":"F20*D20","v":0},null,135.74660633484163,{"$f":"I20*D20","v":0},null,221,0,null,115.03949689393359,0,20.707109440908042]
[17,null,null,null,null,0,{"$f":"F21*D21","v":0},null,135.74660633484163,{"$f":"I21*D21","v":0},null,221,0,null,115.03949689393359,0,20.707109440908042]
[18,null,null,null,null,0,{"$f":"F22*D22","v":0},null,135.74660633484163,{"$f":"I22*D22","v":0},null,221,0,null,115.03949689393359,0,20.707109440908042]
[19,null,null,null,null,0,{"$f":"F23*D23","v":0},null,135.74660633484163,0,null,221,0,null,115.03949689393359,0,20.707109440908042]
[20,null,null,null,null,0,0,null,135.74660633484163,0,null,221,0,null,115.03949689393359,0,20.707109440908042]
[21,null,null,null,null,0,0,null,135.74660633484163,{"$f":"I25*D25","v":0},null,221,0,null,115.03949689393359,0,20.707109440908042]
[22,null,null,null,null,0,0,null,135.74660633484163,{"$f":"I26*D26","v":0},null,221,0,null,115.03949689393359,0,20.707109440908042]
[23,null,null,null,null,0,0,null,135.74660633484163,0,null,221,0,null,115.03949689393359,0,20.707109440908042]
[24,null,null,null,null,0,0,null,135.74660633484163,0,null,221,0,null,115.03949689393359,0,20.707109440908042]
[25,null,null,null,null,0,0,null,135.74660633484163,{"$f":"I29*D29","v":0},null,221,0,null,115.03949689393359,0,20.707109440908042]
[26,null,null,null,null,0,0,null,135.74660633484163,{"$f":"I30*D30","v":0},null,221,0,null,115.03949689393359,0,20.707109440908042]
[null,null,null,null,null,0,{"$f":"F31*D31","v":0},null,135.74660633484163,{"$f":"I31*D31","v":0},null,221,{"$f":"L31*D31","v":0},null,115.03949689393359,{"$f":"O31*D31","v":0},{"$f":"I31-O31","v":20.707109440908042}]
[]
[null,null,null,"дос на поз",null,"Накрутка","сумм зак","доставка","выручка","сумма ","НДС18%","выручка","сумма","НДС18%",null,"сумма "]
[null,null,null,{"$f":"H34/SUM(D5:D33)","v":135.74660633484163},{"$f":"SUM(E5:E31)","v":32599},1.35,{"$f":"SUM(G5:G31)","v":449591.79999999993},30000,{"$f":"J34-G34-H34","v":157357.13000000012},{"$f":"SUM(J5:J31)","v":636948.93000000005},{"$f":"(J34/1.18-J34)*(-1)","v":97161.701186440652},{"$f":"M34-H34-G34","v":234645.06400000001},{"$f":"SUM(M5:M31)","v":714236.86399999994},{"$f":"(M34/1.18-M34)*(-1)","v":108951.38603389822},null,{"$f":"SUM(P5:P32)","v":539787.22881355928}]
[null,null,null,null,null,null,null,null,null,{"$f":"I34/(J34/100)/100","v":0.24704826806130298},null,null,null,null,null,{"$f":"J34-P34","v":97161.701186440769}]
[]
[null,null,null,"дос на поз",null,"Накрутка","сумм зак","доставка","выручка","сумма ","НДС18%"]
[null,null,null,{"$f":"H38/SUM(D20:D37)","v":221},{"$f":"SUM(E20:E34)-E34","v":0},1.48,{"$f":"SUM(G5:G30)","v":449591.79999999993},30000,{"$f":"J38-G38-H38","v":234645.06400000001},{"$f":"SUM(M5:M31)","v":714236.86399999994},{"$f":"(J38/1.18-J38)*(-1)","v":108951.38603389822}]
[null,null,null,null,null,null,null,null,null,{"$f":"I38/(J38/100)/100","v":0.32852555759429414}]

{"sheet":"МБМ18%","index":1,"n_rows":35,"n_cols":7,"rows_kept":35,"cut":false,"hidden":false,"merged":[[27,1,27,6],[22,3,22,5],[23,3,23,5],[1,1,1,7],[3,1,3,6],[5,1,5,6],[25,1,25,6],[26,1,26,6]]}
[]
[null,"Коммерческое предложение"]
[]
[null,"Для  ."]
[]
[null,"Добрый день, предлагаем рассмотреть предложение на поставку оборудования:"]
[]
[null,"№","Товар","Кол-во","Ед.","Цена (с НДС 18%), руб.","Сумма (с НДС 18%), руб."]
[null,1,{"$f":"Расчетная!B5&\" (\"&(Расчетная!C5)&\")\"","v":"Огнетушитель порошковый  ОП-2 (з) (АВСЕ)"},{"$f":"Расчетная!D5","v":20},"шт.",{"$f":"Расчетная!L5","v":622.67200000000003},{"$f":"Расчетная!M5","v":12453.44}]
[null,2,{"$f":"Расчетная!B6&\" (\"&(Расчетная!C6)&\")\"","v":"Огнетушитель порошковый  ОП-4(З) (ВСЕ)"},{"$f":"Расчетная!D6","v":20},"шт.",{"$f":"Расчетная!L6","v":849.70399999999995},{"$f":"Расчетная!M6","v":16994.079999999998}]
[null,3,{"$f":"Расчетная!B7&\" (\"&(Расчетная!C7)&\")\"","v":"Огнетушитель порошковый   ОП-5(з) (ВСЕ)"},{"$f":"Расчетная!D7","v":55},"шт.",{"$f":"Расчетная!L7","v":937.02399999999989},{"$f":"Расчетная!M7","v":51536.319999999992}]
[null,4,{"$f":"Расчетная!B8&\" (\"&(Расчетная!C8)&\")\"","v":"Огнетушитель порошковый  ОП-35(з) (АВСЕ)"},{"$f":"Расчетная!D8","v":21},"шт.",{"$f":"Расчетная!L8","v":5512.5919999999996},{"$f":"Расчетная!M8","v":115764.43199999999}]
[null,5,{"$f":"Расчетная!B9&\" (\"&(Расчетная!C9)&\")\"","v":" Огнетушитель углекислотный ОУ-2 (ВСЕ)"},{"$f":"Расчетная!D9","v":10},"шт.",{"$f":"Расчетная!L9","v":1207.7159999999999},{"$f":"Расчетная!M9","v":12077.16}]
[null,6,{"$f":"Расчетная!B10&\" (\"&(Расчетная!C10)&\")\"","v":"Огнетушитель углекислотный ОУ-5 (ВСЕ)"},{"$f":"Расчетная!D10","v":2},"шт.",{"$f":"Расчетная!L10","v":2063.4519999999998},{"$f":"Расчетная!M10","v":4126.9039999999995}]
[null,7,{"$f":"Расчетная!B11&\" (\"&(Расчетная!C11)&\")\"","v":"Огнетушитель углекислотный ОУ-10 (АВСЕ)"},{"$f":"Расчетная!D11","v":59},"шт.",{"$f":"Расчетная!L11","v":4796.5680000000002},{"$f":"Расчетная!M11","v":282997.51199999999}]
[null,8,{"$f":"Расчетная!B12&\" (\"&(Расчетная!C12)&\")\"","v":"ЩП-В (Стенд пожарный закрытый «КОМ  с бункером для песка 0,1м3 \n (металлический)\n ()"},{"$f":"Расчетная!D12","v":10},"шт.",{"$f":"Расчетная!L12","v":7555.88},{"$f":"Расчетная!M12","v":75558.8}]
[null,9,{"$f":"Расчетная!B13&\" (\"&(Расчетная!C13)&\")\"","v":"Щит пожарный металлический ЩП-В в комплекте ()"},{"$f":"Расчетная!D13","v":5},"шт.",{"$f":"Расчетная!L13","v":11913.147999999999},{"$f":"Расчетная!M13","v":59565.74}]
[null,10,{"$f":"Расчетная!B14&\" (\"&(Расчетная!C14)&\")\"","v":"Щит пожарный металлический ЩП-Е в комплекте ()"},{"$f":"Расчетная!D14","v":2},"шт.",{"$f":"Расчетная!L14","v":15999.723999999998},{"$f":"Расчетная!M14","v":31999.447999999997}]
[null,11,{"$f":"Расчетная!B15&\" (\"&(Расчетная!C15)&\")\"","v":"Ящик для песка 0,5куб.м ()"},{"$f":"Расчетная!D15","v":10},"шт.",{"$f":"Расчетная!L15","v":4325.04},{"$f":"Расчетная!M15","v":43250.400000000001}]
[null,12,{"$f":"Расчетная!B16&\" (\"&(Расчетная!C16)&\")\"","v":"Лом пожарный ЛПЛ-Щ ()"},{"$f":"Расчетная!D16","v":5},"шт.",{"$f":"Расчетная!L16","v":917.81359999999995},{"$f":"Расчетная!M16","v":4589.0679999999993}]
[null,13,{"$f":"Расчетная!B17&\" (\"&(Расчетная!C17)&\")\"","v":"Ножницы для резки проводов диэлектрические НД-1 ()"},{"$f":"Расчетная!D17","v":1},"шт.",{"$f":"Расчетная!L17","v":1618.12},{"$f":"Расчетная!M17","v":1618.12}]
[null,14,{"$f":"Расчетная!B18&\" (\"&(Расчетная!C18)&\")\"","v":"Коврик диэлектрический 1000х1000 мм ГОСТ 4997-75 ()"},{"$f":"Расчетная!D18","v":1},"шт.",{"$f":"Расчетная!L18","v":1705.44},{"$f":"Расчетная!M18","v":1705.44}]
[null,null,null,"Итого:",null,null,{"$f":"Расчетная!M34","v":714236.86399999994}]
[null,null,null,"В том числе НДС 18%:",null,null,{"$f":"Расчетная!N34","v":108951.38603389822}]
[]
[null,"- Срок поставки 20 дней;"]
[null,"- Цена указана с учетом доставки до г. Архангельск;"]
[null,"- Оплата в размере 100% по факту поставки товара Покупателю."]
[]
[null,"С уважением, "]
[null,"Менеджер отдела продаж   «МБМ-Сервис»"]
[null,"Дернов Илья Николаевич"]
[null,"Тел.(342)228-16-16, доп.146; т/ф 228-11-28"]
[null,"e-mail: din@mbm-group.ru"]
[null,"сайт:  www.mbm-group.ru"]

{"sheet":"МБМ","index":2,"n_rows":35,"n_cols":7,"rows_kept":35,"cut":false,"hidden":false,"merged":[[26,1,26,6],[27,1,27,6],[1,1,1,7],[3,1,3,6],[5,1,5,6],[22,3,22,5],[23,3,23,5],[25,1,25,6]]}
[]
[null,"Коммерческое предложение"]
[]
[null,"Для ."]
[]
[null,"Добрый день, предлагаем рассмотреть предложение на поставку оборудования:"]
[]
[null,"№","Товар","Кол-во","Ед.","Цена (Без НДС 18%), руб.","Сумма (Без НДС 18%), руб."]
[null,1,{"$f":"Расчетная!B5&\" (\"&(Расчетная!C5)&\")\"","v":"Огнетушитель порошковый  ОП-2 (з) (АВСЕ)"},{"$f":"Расчетная!D5","v":20},"шт.",{"$f":"Расчетная!O5","v":425.53949689393363},{"$f":"Расчетная!P5","v":8510.7899378786733}]
[null,2,{"$f":"Расчетная!B6&\" (\"&(Расчетная!C6)&\")\"","v":"Огнетушитель порошковый  ОП-4(З) (ВСЕ)"},{"$f":"Расчетная!D6","v":20},"шт.",{"$f":"Расчетная!O6","v":601.03949689393369},{"$f":"Расчетная!P6","v":12020.789937878673}]
[null,3,{"$f":"Расчетная!B7&\" (\"&(Расчетная!C7)&\")\"","v":"Огнетушитель порошковый   ОП-5(з) (ВСЕ)"},{"$f":"Расчетная!D7","v":55},"шт.",{"$f":"Расчетная!O7","v":668.53949689393369},{"$f":"Расчетная!P7","v":36769.672329166351}]
[null,4,{"$f":"Расчетная!B8&\" (\"&(Расчетная!C8)&\")\"","v":"Огнетушитель порошковый  ОП-35(з) (АВСЕ)"},{"$f":"Расчетная!D8","v":21},"шт.",{"$f":"Расчетная!O8","v":4205.5394968939345},{"$f":"Расчетная!P8","v":88316.329434772619}]
[null,5,{"$f":"Расчетная!B9&\" (\"&(Расчетная!C9)&\")\"","v":" Огнетушитель углекислотный ОУ-2 (ВСЕ)"},{"$f":"Расчетная!D9","v":10},"шт.",{"$f":"Расчетная!O9","v":877.78949689393357},{"$f":"Расчетная!P9","v":8777.8949689393357}]
[null,6,{"$f":"Расчетная!B10&\" (\"&(Расчетная!C10)&\")\"","v":"Огнетушитель углекислотный ОУ-5 (ВСЕ)"},{"$f":"Расчетная!D10","v":2},"шт.",{"$f":"Расчетная!O10","v":1539.2894968939336},{"$f":"Расчетная!P10","v":3078.5789937878671}]
[null,7,{"$f":"Расчетная!B11&\" (\"&(Расчетная!C11)&\")\"","v":"Огнетушитель углекислотный ОУ-10 (АВСЕ)"},{"$f":"Расчетная!D11","v":59},"шт.",{"$f":"Расчетная!O11","v":3652.039496893934},{"$f":"Расчетная!P11","v":215470.3303167421}]
[null,8,{"$f":"Расчетная!B12&\" (\"&(Расчетная!C12)&\")\"","v":"ЩП-В (Стенд пожарный закрытый «КОМ  с бункером для песка 0,1м3 \n (металлический)\n ()"},{"$f":"Расчетная!D12","v":10},"шт.",{"$f":"Расчетная!O12","v":5785.0394968939345},{"$f":"Расчетная!P12","v":57850.394968939348}]
[null,9,{"$f":"Расчетная!B13&\" (\"&(Расчетная!C13)&\")\"","v":"Щит пожарный металлический ЩП-В в комплекте ()"},{"$f":"Расчетная!D13","v":5},"шт.",{"$f":"Расчетная!O13","v":9153.2894968939345},{"$f":"Расчетная!P13","v":45766.447484469674}]
[null,10,{"$f":"Расчетная!B14&\" (\"&(Расчетная!C14)&\")\"","v":"Щит пожарный металлический ЩП-Е в комплекте ()"},{"$f":"Расчетная!D14","v":2},"шт.",{"$f":"Расчетная!O14","v":12312.289496893934},{"$f":"Расчетная!P14","v":24624.578993787869}]
[null,11,{"$f":"Расчетная!B15&\" (\"&(Расчетная!C15)&\")\"","v":"Ящик для песка 0,5куб.м ()"},{"$f":"Расчетная!D15","v":10},"шт.",{"$f":"Расчетная!O15","v":3287.539496893934},{"$f":"Расчетная!P15","v":32875.394968939341}]
[null,12,{"$f":"Расчетная!B16&\" (\"&(Расчетная!C16)&\")\"","v":"Лом пожарный ЛПЛ-Щ ()"},{"$f":"Расчетная!D16","v":5},"шт.",{"$f":"Расчетная!O16","v":653.68949689393366},{"$f":"Расчетная!P16","v":3268.4474844696683}]
[null,13,{"$f":"Расчетная!B17&\" (\"&(Расчетная!C17)&\")\"","v":"Ножницы для резки проводов диэлектрические НД-1 ()"},{"$f":"Расчетная!D17","v":1},"шт.",{"$f":"Расчетная!O17","v":1195.0394968939336},{"$f":"Расчетная!P17","v":1195.0394968939336}]
[null,14,{"$f":"Расчетная!B18&\" (\"&(Расчетная!C18)&\")\"","v":"Коврик диэлектрический 1000х1000 мм ГОСТ 4997-75 ()"},{"$f":"Расчетная!D18","v":1},"шт.",{"$f":"Расчетная!O18","v":1262.5394968939338},{"$f":"Расчетная!P18","v":1262.5394968939338}]
[null,null,null,"Итого:",null,null,{"$f":"Расчетная!P34","v":539787.22881355928}]
[]
[]
[null,"- Срок поставки 20 дней;"]
[null,"- Цена указана с учетом доставки до г. Архангельск;"]
[null,"- Оплата в размере 100% по факту поставки товара Покупателю."]
[]
[null,"С уважением, "]
[null,"Менеджер отдела продаж   «МБМ-Сервис»"]
[null,"Дернов Илья Николаевич"]
[null,"Тел.(342)228-16-16, доп.146; т/ф 228-11-28"]
[null,"e-mail: din@mbm-group.ru"]
[null,"сайт:  www.mbm-group.ru"]